Biblioteca

Petra the scrolls : (Registro nro. 53745)

Detalles MARC
000 -LÍDER
Campo fijo de descripción fija 00694aas a2200193 4500
001 - NÚMERO DE CONTROL
Campo de control 768714001
003 - IDENTIFICADOR DEL NÚMERO DE CONTROL
Campo de control CO-MdFUSB
005 - FECHA Y HORA DE LA ULTIMA TRANSACCIÓN
control field 20171107155251.0
008 - ELEMENTOS DE LONGITUD FIJA -- INFORMACIÓN GENERAL
Campo fijo de descripción fija -- Información general 170728s1997 xxu||||| |||| 00| 0 eng d
022 ## - NÚMERO INTERNACIONAL NORMALIZADO PARA PUBLICACIONES SERIADAS
Número Internacional Normalizado para Publicaciones Seriadas 0098-9444
040 ## - FUENTE DE CATALOGACIÓN
Agencia Catalogadora CO-MdFUSB
Idioma de catalogación spa
Agencia que realiza la transcripción CO-MdFUSB
Agencia que realiza la modificación CO-MdFUSB
041 ## - CÓDIGO DE IDIOMA
Código de idioma para texto/pista de sonido o título separado spa
242 1# - TRADUCCIÓN DEL TÍTULO POR AGENCIA CATALOGADORA
Traducción del título Los rollos de Petra :
Traducción del subtítulo la publicación de los papiros es una obligación legal
245 10 - TÍTULO
Título Petra the scrolls :
Subtitulo publication of papyri a legal obligation
300 ## - DESCRIPCIÓN FÍSICA
Extensión Volumen 23. Número 1 (1997), páginas 64-65
Dimensiones : 28 cm.
546 ## - NOTA DE IDIOMA
Nota de idioma Texto en inglés
773 0# - ASIENTO DE ITEM FUENTE
Título Biblical Archaeology Review
Biblionumber 49395
Itemnumber 59492
Parte(s) relacionada(s) / Volumen., número. (mes año), páginas Volumen 23. Número 1 (1997), páginas 64-65
Enumeración y primera página Página 64
942 ## - TIPO DE MATERIAL (KOHA)
Tipo de Item KOHA Artículos de Revista
Existencias
Expurgo - (Retirado) Estado de Perdido Estado de Dañado No prestable Colección Ubicación habitual Ubicación actual Fecha de Adquisición Signatura Topográfica Tipo de Material
        Colección de Hemeroteca Biblioteca FUSBC Biblioteca FUSBC 26/01/2016 Artículos de Revista

Biblioteca FUSBC | Teléfono: (57+4) 349 88 10 Ext. 141| WhatsApp (+57) 3005338115 
E-mail: biblioteca@unisbc.edu.co | Calle 76 87-14 Robledo Palenque, Medellín, Colombia

Con tecnología Koha